Normal view
MARC view
- Mullen, Linda G.
Entry Personal Name
001 - CONTROL NUMBER
- control field: 42828
003 - CONTROL NUMBER IDENTIFIER
- control field: OSt
005 - DATE AND TIME OF LATEST TRANSACTION
- control field: 20210126091937.0
008 - FIXED-LENGTH DATA ELEMENTS
- fixed length control field: 210126|| aca||aabn | a|a d
040 ## - CATALOGING SOURCE
- Original cataloging agency: OSt
- Transcribing agency: OSt
100 ## - HEADING--PERSONAL NAME
- Personal name: Mullen, Linda G.
670 ## - SOURCE DATA FOUND
- Source citation: Work cat.: (OSt): Mullen, Linda G., Interviewing the fraudsters: , ©2012.
